| 000 | 00664cam a2200217 a 4500 | ||
|---|---|---|---|
| 001 | 000038575 | ||
| 005 | 20201002031312.0 | ||
| 008 | 921231s2001 sp i000 0 spa d | ||
| 020 | _a8475670636 | ||
| 040 |
_aDO-SdBNP _bspa _cBNPHU |
||
| 082 | _aN861.44 | ||
| 100 | 1 |
_aDarío, Rubén _958914 |
|
| 245 | 1 | 0 |
_aAzul / _cRubén Darío;. |
| 260 |
_bMadrid:, _c2001. |
||
| 300 |
_a189 p. : ; _c20 cm. |
||
| 500 | _aIncluye notas al pie de las páginas | ||
| 504 | _aBibliografía : p.187 - 189 | ||
| 600 | 1 | 4 |
_aDARÍO, RUBÉN _d1867-1916. _tAZUL _xCRÍTICA E INTERPRETACIÓN _938485 |
| 650 | 4 |
_aPoesía nicaragüense _98179 |
|
| 650 | 4 |
_aLiteratura nicaragüense _98122 |
|
| 999 |
_c38065 _d38065 |
||